MARC

LEADER 00000nam^a2200000^a^4500
001 000380279
005 20250521000000.0
009 20260310120554.811
020 |a 978-84-15707-38-7 
037 |a Acervo ITESO - Biblioteca 
041 |a ESP 
082 |a 833.  |b ZWE V. 4 
100 |a Zweig, Stefan  |e (autor) 
240 1 1 |a [De viaje] 
245 1 0 |a De viaje :  |b la India y América /  |c S. Zweig ; tr. por Francisco Uzcanga Meinecke. 
264 4 |a Madrid, España :  |b Sequitur,  |c 2016, c2016 
300 |a 94 p. 
336 |a texto  |b txt  |2 rdacontenido 
337 |a sin mediación  |b n  |2 rdamedio 
338 |a volumen  |b nc  |2 rdasoporte 
500 |a Traducción de: Auf Reisen 
545 0 |a Stefan Zweig (Viena, 1881 – Río de Janeiro, 1942) escritor de origen judío y expresión alemana. Con una esmerada formación cultural, se inició pronto en la actividad literaria y al estallar la Primera Guerra Mundial, adoptó una posición pacifista, que le llevaría a ser un viajero incansable durante toda su vida. Su vasta obra da testimonio del ocaso del Imperio Austrohúngaro y del mundo de la vieja Europa. Reunió sus primeras poesías en Cuerdas de plata (1901), libro al que siguieron títulos como el drama Jeremías (1917); las novelas Adolescencia y Ardiente secreto (ambas de 1911), Amok (1922), La confusión de los sentimientos y Veinticuatro horas de la vida de una mujer (ambas de 1927) y La piedad peligrosa (1939) y El jugador de ajedrez (1942); el libro de viajes Brasil: país del futuro (1941) o las memorias póstumas El mundo de ayer (1942). Un reconocido biógrafo, abordó en este género a figuras como el político francés Joseph Fouché (1929) y el filósofo holandés Erasmo de Rotterdam (1934); las reinas María Antonieta de Francia (1932) y María Estuardo de Escocia (1935); los exploradores Fernando de Magallanes (1938) y Américo Vespucio. Sin embargo, por encima del resto de su obra sobresalen las trilogías Tres maestros: Balzac, Dickens, Dostoievski (1920); La lucha contra el demonio: Hölderlin, Kleist, Nietzsche (1925) y Tres poetas de su vida: Casanova, Stendhal, Tolstoi (1928), en las que hace una personal interpretación psicológica de la existencia artística. 
585 |a Exposición DIA 2024-02 / Feria de recomendaciones 
649 |a XX 
650 |a Ensayos Austríacos 
650 |a Libros de Viajes -  |z India 
650 |a Libros de Viajes -  |z América del Norte 
650 |a Libros de Viajes Austríacos 
650 |a Literatura Autobiográfica -  |z Austria 
650 |a Literatura en Alemán -  |z Austria 
650 |a Literatura Austríaca -  |y Siglo XX 
650 |a Viajes y Travesías -  |z India 
650 |a Viajes y Travesías -  |z América del Norte 
650 |a India en la Literatura 
650 |a Quebec, Canadá en la Literatura 
650 |a Canadá en la Literatura 
650 |a Nueva York, EUA en la Literatura 
650 |a EUA en la Literatura 
650 |a América del Norte en la Literatura 
650 |a India -  |x Historia -  |y 1905-1916 
650 |a India -  |x Historia -  |y Siglo XX 
650 |a Canadá -  |x Historia -  |y 1911-1921 
650 |a Canadá -  |x Historia -  |y Siglo XX 
650 |a EUA -  |x Historia -  |y 1901-1919 
650 |a EUA -  |x Historia -  |y 1933-1945 
650 |a EUA -  |x Historia -  |y Siglo XX 
650 |a Zweig, Stefan 
910 |a Fondo General 
920 |a Impresos - Libros 
930 |a Colección General 
940 |a Literatura 
905 |a 101 
901 |a 0500274839  |b IT1  |c LIT  |i C151881  |u 20250521 
902 |a https://opac.biblio.iteso.mx/vufind/Record/000380279